トヨタの経営システム

שמור ב:
מידע ביבליוגרפי
מחבר ראשי: 門田安弘(もんでん やすひろ)
פורמט: ספר
שפה:Undetermined
יצא לאור: 東京 日本能率協会マネジメントセンター 1991
נושאים:
תגים: הוספת תג
אין תגיות, היה/י הראשונ/ה לתייג את הרשומה!
Thư viện lưu trữ: Trung tâm Học liệu Trường Đại học Cần Thơ
LEADER 00586nam a2200193Ia 4500
001 CTU_94398
008 210402s9999 xx 000 0 und d
082 |a 658.02 
082 |b M741 
100 |a 門田安弘(もんでん やすひろ) 
245 0 |a トヨタの経営システム 
245 0 |c 門田安弘 
260 |a 東京 
260 |b 日本能率協会マネジメントセンター 
260 |c 1991 
650 |a Business Enterprises,Business management 
650 |x Management 
904 |i Ngoc 
980 |a Trung tâm Học liệu Trường Đại học Cần Thơ